Statistics for Guess the Taylor Swift Song by Acronym (Midnights)

Click here to take the quiz!

General Stats

  • This quiz has been taken 48 times
  • The average score is 16 of 21

Answer Stats

HintAnswer% Correct
QQuestion. . . ?
97%
KKarma
92%
WCSWould've, Could've, Should've
86%
MMaroon
84%
BBejeweled
81%
HIHigh Infidelity
81%
WOYOKYou're on Your Own Kid
81%
DRDear Reader
78%
LHLavender Haze
78%
SOTBSnow on The Beach
78%
TGWThe Great War
78%
AHAnti-Hero
76%
BTTWSBigger Than The Whole Sky
76%
MRMidnight Rain
76%
VSVigilante Shi*t
76%
LLabyrinth
70%
MMastermind
70%
GGlitch
68%
PParis
68%
SNSweet Nothing
68%
HDHits Different
59%

Score Distribution

Percentile by Number Answered

Percent of People with Each Score

Your Score History

You have not taken this quiz